UK Roller Coasters By Picture! - Statistics

General Stats
  • This quiz has been taken 85 times
  • The average score is 12 of 16
Answer Stats
Picture Answer % Correct
Smiler
100%
Oblivion
97%
Wicker Man
94%
Saw: The Ride
92%
The Swarm
92%
Hyperia
89%
Nemesis Inferno
83%
Th13teen
83%
Hero
77%
Spinball Whizzer
74%
Icon
72%
Sik
66%
Grand National
58%
Mandrill Mayhem
58%
Rage
54%
Storm Chaser
42%
No matching quizzes found
Score Distribution
Percent of People with Each Score
Percentile by Number Answered
Your Score History
You have not taken this quiz